| 000 | 01086cam a2200253 4500 | ||
|---|---|---|---|
| 001 | WB4016-04 | ||
| 008 | 040427n2004 000 0 eng u | ||
| 035 | _a(Sirsi) u126015 | ||
| 245 | _aBoosting property investment across Europe | ||
| 260 | _c2004 | ||
| 490 |
_aEstates Gazette _v(0417) 24 April 2004, 49(1) |
||
| 520 | _aReal estate markets around the world are becoming more transparent according to Jones Lang LaSalle's "Global real estate transparency index 2004". The 2004 index ranking real estate markets in 50 countries shows the UK and The Netherlands as being the most transparent in Europe and Romania and Turkey the least. The abridged version of the index is available after free registration at http://www.research.joneslanglasalle.com/GlobalRep orts.asp?LanguageID=1. | ||
| 590 | _aWB | ||
| 590 | _aWB | ||
| 650 | _aEUROPE | ||
| 650 | _aUNITED KINGDOM | ||
| 650 | _aNETHERLANDS | ||
| 650 | _aROMANIA | ||
| 650 | _aTURKEY | ||
| 650 | _aREAL ESTATE MARKETS | ||
| 650 | _aMARKET TRANSPARENCY | ||
| 690 | _aCOMMERCIAL PROPERTY-INVESTMENT | ||
| 942 | _n0 | ||
| 999 |
_c117251 _d117251 |
||